Blog design for dummies

Gorde:
Xehetasun bibliografikoak
Egile nagusia:  Culbertson, Melissa
Formatua: Sách
Hizkuntza:Undetermined
Argitaratua:  John Wiley & Son, Inc  2013
Gaiak:
Etiketak: Etiketa erantsi
Etiketarik gabe, Izan zaitez lehena erregistro honi etiketa jartzen!
Thư viện lưu trữ: Trung tâm Thư viện - Trường Đại học Công nghiệp TP. Hồ Chí Minh
LEADER 00510nam a2200157Ia 4500
001 UIH_04141
008 231011s9999 xx 000 0 und d
082 |a  006.752 
100 |a  Culbertson, Melissa 
245 0 |a  Blog design for dummies 
245 0 |c  Culbertson, Melissa 
260 |b  John Wiley & Son, Inc 
260 |c  2013 
650 |a  Blogs; Mạng xã hội trực tuyến;  
927 |a Sách 
980 |a Trung tâm Thư viện - Trường Đại học Công nghiệp TP. Hồ Chí Minh